000 00445cam a22001457a 4500
008 180718b1958 xxu||||| |||| 00| 0 eng d
082 _aC0x42 K113
100 _aKachroo, J.L.
245 _aIndia in the Commonwealth: (a political and conhstitutional survey)
_cby J.L. Kachroo
260 _aDelhi
_bAsia Bk. Centre
_c1958
300 _a70p.
500 _aRs.3.00
650 _aConstitutional history --India.
650 _aCommonwealth of Nations
999 _c371004
_d371004